000 00643nam a2200265Ia 4500
005 20260306164039.0
008 008 260114s9999 xx 000 0 eng d
020 _a9781531507695
037 _aEBOOK
040 _aCRL
040 _beng
040 _cCRL
041 _2eng
041 _aeng
084 _qCRL
100 _aRuda
_91129895
245 0 _aIndifference And Repetition; Or, Modern Freedom And Its Discontents
260 _bFordham University Press
260 _c2024
650 _aPhilosophy
856 _uhttps://academic.oup.com/book/56539
942 _cEBOOK
999 _c1712537
_d1712537